000 00733nam a2200229 a 4500
005 20210223130247.0
008 070906s2005 mx r 000 0 spa d
020 _a8497881591
035 _aUPN01000151716
049 _aCG
050 4 _aHF5718
_bA4.3
100 1 _aAlmenara Aloy, Jaume
245 1 0 _aComunicación interna en la empresa /
_bJaume Almenara Aloy, Marina Romeo Delgado, Xavier Roca Pérez.
260 _aBarcelona, Esp. :
_bUOC,
_c2005.
300 _a161 p. :
_bil.
440 0 _aPsicología ;
_v25
650 4 _aCOMUNICACION EN LOS NEGOCIOS
_99562
650 4 _aCOMUNICACION EN LA ADMINISTRACION
_98116
700 1 _aRomeo Delgado, Mariana,
_ecoaut.
700 1 _aRoca Pérez, Xavier,
_ecoaut.
905 _aLibro
999 _c123852
_d123852